000 00706nam a2200253Ia 4500
003 OSt
005 20220923224942.0
006 a|||||r|||| 00| 0
007 ta
008 220922b |||||||| |||| 00| 0 hin d
020 _c45
024 _a254,194
037 _cTextual
040 _aARTS
_cARTS
_bhin
041 _2hin
_ahin
082 _aO152,3N16,YU, M4
100 _aशर्मा, यज्ञदत्त
245 0 _aयुगारम्भ
246 _aYugārambha
260 _c1984
650 _aहिन्दी साहित्य
_9156264
942 _hO152,3N16,YU, M4
_cTEXL
_2CC
999 _c374932
_d374932